Presidents of USA with remarkable haircuts - Statistics

General Stats
  • This quiz has been taken 21 times
  • The average score is 10 of 12
Answer Stats
Picture Answer % Correct
Donald Trump
95%
Dwight D. Eisenhower
95%
John F. Kennedy
95%
Bill Clinton
90%
John Adams
85%
Martin van Buren
85%
Ronald Reagan
85%
Andrew Jackson
80%
Gerald Ford
80%
James Monroe
80%
Franklin Pierce
75%
James K. Polk
75%
No matching quizzes found
Score Distribution
Percent of People with Each Score
Percentile by Number Answered
Your Score History
You have not taken this quiz